Akta Rahsia Rasmi 1972 (Akta 88) & Official Secrets Act (Act 88) : (hingga 25hb Oktober 2002)

Bibliographic Details
Corporate Author: MALAYSIA
Format: Book
Published: Petaling Jaya, Selangor : International Law Book Services , 2002
Series:Undang-Undang Malaysia
Subjects:

MARC

LEADER 00000cam a2200000 7i4500
001 0000002438
005 20030620.0
020 0 0 |a 9678903091 
090 0 0 |a 342.5950684   |b MAL 
110 1 0 |a MALAYSIA 
245 1 0 |a Akta Rahsia Rasmi 1972 (Akta 88) & Official Secrets Act (Act 88) :   |b (hingga 25hb Oktober 2002)   |c disusun oleh Lembaga Penyelidikan Undang-Undang 
260 0 0 |a Petaling Jaya, Selangor :   |b International Law Book Services ,   |c 2002 
300 |a 61 p. ;   |c 24 cm. 
440 0 0 |a Undang-Undang Malaysia 
650 0 0 |a Official secrets   |z Malaysia 
745 0 0 |a Malaysia   |x Official Secrets Act 1972 
998 |a JPSM 
999 |a 0000004561   |b Monograph   |c Open Shelf   |e Default branch